| Поле | Название | Значение |
| |
Тип записи |
a |
| |
Библиографический уровень |
c |
| 001 |
Контрольный номер |
RU/SLIB/B/208766996 |
| 005 |
Дата корректировки |
20201206204245.2 |
| 010 |
Индекс ISBN |
__ |
| d |
Цена |
1-50 |
| 101 |
Язык документа |
__ |
| a |
Язык текста |
rus |
| 200 |
Заглавие и сведения об ответственности |
0_ |
| a |
Заглавие |
Рассказы и повести |
| f |
Первые сведения об ответственности |
С. А. Баруздин ; предисл. К. М. Симонова |
| b |
Общее обозначение материала |
Текст |
| 210 |
Выходные данные |
__ |
| a |
Место издания |
М. |
| c |
Издательство |
Худож. лит. |
| d |
Дата издания |
1977 |
| 215 |
Физическое описание |
__ |
| a |
Объем |
381 с. |
| 327 |
Примечание о содержании |
__ |
| a |
Примечание о содержании |
Просто Саша |
| 327 |
Примечание о содержании |
__ |
| a |
Примечание о содержании |
Первое апреля - первый день весны |
| 327 |
Примечание о содержании |
__ |
| a |
Примечание о содержании |
Новые дворики |
| 327 |
Примечание о содержании |
__ |
| a |
Примечание о содержании |
Только не завтра |
| 327 |
Примечание о содержании |
__ |
| a |
Примечание о содержании |
Деревья сохраняют тепло |
| 327 |
Примечание о содержании |
__ |
| a |
Примечание о содержании |
Дуб стоеросовый |
| 327 |
Примечание о содержании |
__ |
| a |
Примечание о содержании |
Лето, очень плохое лето |
| 327 |
Примечание о содержании |
__ |
| a |
Примечание о содержании |
Тридцать лет |
| 461 |
Уровень набора |
__ |
| 1 |
|
2001 |
| a |
|
Избранные произведения |
| v |
|
Т. 2 |
| 606 |
Тематические рубрики |
__ |
| a |
Основная рубрика |
Художественная литература |
| 606 |
Тематические рубрики |
__ |
| a |
Основная рубрика |
Русская литература XX в. (произведения) |
| 610 |
Ключевые слова |
__ |
| a |
Ключевые слова |
повести; рассказы; проза |
| 686 |
Индексы других классификаций |
__ |
| a |
Классификационный индекс |
84(2Рос=Рус)6-4; ст84(2Рос=Рус)6-4 |
| 700 |
Автор |
_1 |
| a |
Фамилия |
Баруздин |
| b |
Имя |
С. А. |
| 4 |
Код отношения |
070 |
| 702 |
Вторичная интеллектуальная ответственность |
_1 |
| a |
Фамилия |
Симонов |
| b |
Имя |
К. М. |
| 4 |
Код отношения |
Автор предисловия и т.д. |
| 4 |
Код отношения |
080 |
| 801 |
Источник записи |
_0 |
| a |
Страна |
RU |
| b |
Организация |
Муниципальное бюджетное учреждение культуры "Централизованная библиотечная система" г. Сургут (Центральная городская библиотека им. А. С. Пушкина) |
| g |
Правила каталогизации |
КиК/Михайлова |
| 801 |
Источник записи |
_1 |
| a |
Страна |
RU |
| b |
Организация |
Муниципальное бюджетное учреждение культуры "Централизованная библиотечная система" г. Сургут (Центральная городская библиотека им. А. С. Пушкина) |
| g |
Правила каталогизации |
КиК/Михайлова |
| 852 |
Данные о местонахождении |
__ |
| j |
Шифр хранения |
84(2Рос=Рус)6-4 |
| i |
Авторский знак |
Б 26 |
| p |
Инвентарный номер |
92325(с); 117975(с) |
| 901 |
Тип документа |
__ |
| t |
Тип документа |
x |
| 969 |
Тип издания |
__ |
| a |
Тип издания |
сборник |
| 990 |
Данные о заказе (DOS) |
__ |
| j |
Количество экземпляров (DOS) |
2 |
| t |
N записи в КСУ для И/У (DOS) |
ретро |